Informe gestión institucional anual 1996 (Registro nro. 1647)

Detalles MARC
000 -CABECERA
Campo de control 01818nam a2200289 a 4500
005 - FECHA Y HORA DE LA ULTIMA TRANSACCION
Campo de control 20260505221522.0
008 - ELEMENTOS DE LONGITUD FIJA—INFORMACION GENERAL
Campo de control 171211b xxu||||| |||| 00| 0 spa d
040 ## - FUENTE DE CATALOGACIÓN
Agencia catalogadora original CO-BoIAVH
Agencia transcriptora CO-BoIAVH
041 ## - IDIOMA
Código de idioma para texto/pista de sonido o título separado Español
044 ## - PAÍS DE PUBLICACIÓN
País de publicación Colombia
090 ## - CLASIFICACIÓN LOCAL
Colección IAVH
Consecutivo 1996
110 ## - ASIENTO PRINCIPAL--NOMBRE CORPORATIVO
Unidad subordinad Instituto de Investigación de Recursos Biológicos Alexander von Humboldt
9 (RLIN) 204
245 ## - MENCION DE TITULO
Título Informe gestión institucional anual 1996
260 ## - PUBLICACION, DISTRIBUCION, ETC. (PIE DE IMPRENTA)
Lugar de publicación, distribución, etc. Bogotá :
Nombre del editor, distribuidor, etc. Instituto de Investigación de Recursos Biológicos Alexander von Humboldt,
Fecha de publicación, distribución, etc. 1997.
300 ## - DESCRIPCION FISICA
Extensión 31 páginas
520 ## - NOTA DE RESUMEN, ETC.
Nota de resumen Este informe anual presenta los resultados del primer año de vida del instituto del Instituto de Investigación de Recursos Biológicos Alexander von Humboldt. En el informe se resumen los logros principales y los primeros pasos que servirán como fundamento de la gestión futura del Instituo. Gran parte de los esfuerzos del año 1996 han estado orientados hacia la definición de un plan estratégico a mediano plazo, el cual servirá como guía para llevar acabo las acciones y evaluar el impacto de los resultados. Trescientos investigadores de todo el país han participado en el proceso dinámico.(Tomado de la fuente)
650 16 - ASIENTO SECUNDARIO DE MATERIA - TERMINO TEMATICO
Término temático o nombre geográfico como elemento de entrada Misión
9 (RLIN) 87696
Subdivisión geográfica Colombia
650 16 - ASIENTO SECUNDARIO DE MATERIA - TERMINO TEMATICO
Término temático o nombre geográfico como elemento de entrada Miembros
9 (RLIN) 87697
Subdivisión geográfica Colombia
650 16 - ASIENTO SECUNDARIO DE MATERIA - TERMINO TEMATICO
Término temático o nombre geográfico como elemento de entrada Junta directiva
9 (RLIN) 87698
Subdivisión geográfica Colombia
650 16 - ASIENTO SECUNDARIO DE MATERIA - TERMINO TEMATICO
Término temático o nombre geográfico como elemento de entrada Programa de inventarios de biodiversidad
9 (RLIN) 2107
Subdivisión geográfica Colombia
650 16 - ASIENTO SECUNDARIO DE MATERIA - TERMINO TEMATICO
Término temático o nombre geográfico como elemento de entrada Programa de biología de la conservación
9 (RLIN) 2106
Subdivisión geográfica Colombia
650 16 - ASIENTO SECUNDARIO DE MATERIA - TERMINO TEMATICO
Término temático o nombre geográfico como elemento de entrada Programa de uso y valoración
9 (RLIN) 2108
Subdivisión geográfica Colombia
650 16 - ASIENTO SECUNDARIO DE MATERIA - TERMINO TEMATICO
Término temático o nombre geográfico como elemento de entrada Programa de política y legislación
9 (RLIN) 2109
Subdivisión geográfica Colombia
710 ## - ASIENTO SECUNDARIO - NOMBRE CORPORATIVO
Nombre corporativo o de jurisdicción como elemento de entrada Instituto de Investigación de Recursos Biológicos Alexander von Humboldt
9 (RLIN) 103350
856 ## - LOCALIZACION Y ACCESO ELECTRONICOS
Identificador Uniforme del Recurso https://repository.humboldt.org.co/entities/publication/b8234cc7-d359-4017-86a9-417d20aac9c0
942 ## - ELEMENTOS ADICIONALES (KOHA)
Tipo de ítem Informe Técnico
Sistema de clasificación Local
Existencias
Withdrawn status Lost status Sistema de Clasificación Damaged status No para préstamo Colección Ubicación Permanente Ubicación actual Fecha de adquisición Fuente de adquisición Precio Total Checkouts Número topográfico Inventario / Código de Barras Date last seen Ejemplar Price effective from Forma de adquisición Tipo de material Date checked out Total Renewals
    Local     Humboldt Bogotá Bogotá 02/04/1998 Instituto 30000.00 1 IAVH-1996 003897 06/07/2016 Ej. 2 04/12/2012 Institucional Informe Técnico 23/06/2016  
Retirado   Dewey Decimal Classification     Humboldt Bogotá Bogotá 18/07/2014 Instituto 30000.00   IAVH-1996 003898 04/12/2012 Ej. 4 04/12/2012   Informe Técnico    
Retirado   Dewey Decimal Classification     Humboldt Bogotá Bogotá 18/07/2014 Instituto 30000.00   IAVH-1996 004276 04/12/2012 Ej. 5 04/12/2012   Informe Técnico    
    Local     Humboldt Bogotá Bogotá 03/03/1998 Instituto 30000.00   IAVH-1996 015816 04/12/2012 Ej. 3 04/12/2012 Institucional Informe Técnico    
    Local     Humboldt Bogotá Bogotá 03/03/1998 Instituto 30000.00 2 IAVH-1996 015728 06/09/2018 Ej. 1 04/12/2012 Institucional Informe Técnico 03/09/2018 2
Retirado   Dewey Decimal Classification     Humboldt Bogotá Bogotá 28/11/2019       IAVH-1996 043837 28/11/2019 Ej.6 28/11/2019 Institucional Informe Técnico    
    Dewey Decimal Classification     Botánica Villa de Leyva Villa de Leyva 02/04/1998 Instituto 30000.00   IAvH-00006 1996 003896 04/12/2012 V.1 Ej.1 04/12/2012   Libro